Going green (Record no. 80679)

MARC details
000 -LEADER
fixed length control field 01034cab a22001935a 4500
001 - CONTROL NUMBER
control field L145029
008 - FIXED-LENGTH DATA ELEMENTS--GENERAL INFORMATION
fixed length control field 080902e20080808xxk f v 000 0 eng d
035 ## - SYSTEM CONTROL NUMBER
System control number (Sirsi) u145029
041 0# - LANGUAGE CODE
Language code of text/sound track or separate title eng
100 1# - MAIN ENTRY--PERSONAL NAME
Personal name Bright, Susan
245 00 - TITLE STATEMENT
Title Going green
260 ## - PUBLICATION, DISTRIBUTION, ETC.
Date of publication, distribution, etc. 2008
490 #0 - SERIES STATEMENT
Series statement Property Law Supplement
Volume/sequential designation 158(7333) 8 August 2008, 1135-1136(2)
520 ## - SUMMARY, ETC.
Summary, etc. Considers the possible role of lawyers in the development of green leases. Sets out the stages to achieving green leases, focusing on: the light green lease, which removes the obstacles to environmental progress; the mid-green lease, which includes a commitment to achieve environmental targets; and the dark green lease, which involves clear commitments and action when they are not met. Considers the barriers to the wider use of green leases and the likelihood of increasing demand.
590 ## - LOCAL NOTE (RLIN)
Local note KA
651 #4 - SUBJECT ADDED ENTRY--GEOGRAPHIC NAME
Geographic name United Kingdom
Chronological subdivision
690 ## - LOCAL SUBJECT ADDED ENTRY--TOPICAL TERM (OCLC, RLIN)
Topical term or geographic name as entry element PROPERTY-COMMERCIAL PROPERTY-LEASEHOLD COMMERCIAL PROPERTY-COMMERCIAL LANDLORD AND TENANT-COMMERCIAL LEASES
942 ## - ADDED ENTRY ELEMENTS (KOHA)
Suppress in OPAC 0
Holdings
Withdrawn status Lost status Source of classification or shelving scheme Damaged status Not for loan Home library Current library Shelving location Date acquired Total Checkouts Full call number Barcode Date last seen Copy number Price effective from Koha item type
    Dewey Decimal Classification     London London Journal article 02/09/2008   L145029 145029-1001 06/08/2019 1 06/08/2019 Journal article